[Event "Benidorm op U2300 15th"]
[Site "Benidorm"]
[Date "2016.12.07"]
[Round "7"]
[White "Belousov, Gennadiy"]
[Black "Solano Lasierra, Javier"]
[Result "1-0"]
[WhiteElo "2230"]
[BlackElo "2143"]
[PlyCount "99"]
[EventDate "2016.12.02"]
[EventType "swiss"]
[EventRounds "10"]
[EventCountry "ESP"]
[SourceTitle "EXT 2019"]
[Source "ChessBase"]
[SourceDate "2018.10.10"]
[SourceVersion "1"]
[SourceVersionDate "2018.10.10"]
[SourceQuality "1"]

1. d4 d5 2. c4 dxc4 3. e3 e5 4. Bxc4 exd4 5. exd4 Nf6 6. Nf3 Be7 7. 0-0 0-0 8. Nc3 Nbd7 9. Re1 Nb6 10. Bb3 c6 11. Ne5 Nbd5 12. Qf3 Be6 13. Bg5 Nc7 14. Bc2 Ncd5 15. Rad1 Re8 16. h3 Rc8 17. Bb1 Nd7 18. Bc1 Nf8 19. Ne4 Rc7 20. a3 Ng6 21. Qh5 Nf6 22. Nxf6+ Bxf6 23. Bc2 Bd5 24. Re3 Bxe5 25. dxe5 Rd7 26. Rde1 Nf8 27. Rg3 f6 28. Rge3 fxe5 29. Rxe5 Rxe5 30. Rxe5 Bf7 31. Qe2 Ng6 32. Re4 Re7 33. Be3 Rxe4 34. Bxe4 a6 35. Qg4 Qe8 36. Bf5 Ne5 37. Qb4 b5 38. Bd4 Nc4 39. Qc3 Qf8 40. Qd3 h6 41. Bh7+ Kh8 42. Be4 c5 43. Bc3 b4 44. axb4 cxb4 45. Bd4 a5 46. Qg3 a4 47. Qf4 Kg8 48. Qf5 Qd6 49. Qc8+ Qf8 50. Bh7+ 1-0

[Event "POL-ch rapid"]
[Site "Trzcianka"]
[Date "2014.04.13"]
[Round "3"]
[White "Belousov, Gennadiy"]
[Black "Swiercz, Dariusz"]
[Result "0-1"]
[WhiteElo "2222"]
[BlackElo "2627"]
[PlyCount "62"]
[EventDate "2014.04.13"]
[EventType "swiss (rapid)"]
[EventRounds "9"]
[EventCountry "POL"]
[SourceTitle "CBM 159 Extra"]
[Source "ChessBase"]
[SourceDate "2014.04.24"]
[SourceVersion "1"]
[SourceVersionDate "2014.04.24"]
[SourceQuality "1"]

1. d4 Nf6 2. Nf3 e6 3. c4 d5 4. Nc3 Bb4 5. cxd5 exd5 6. Bg5 h6 7. Bh4 c5 8. dxc5 Nbd7 9. a3 Bxc3+ 10. bxc3 0-0 11. e3 Nxc5 12. Be2 Nce4 13. Qd4 Qa5 14. Qb4 Qc7 15. Rc1 Be6 16. 0-0 Rfc8 17. Nd4 g5 18. Bg3 Nxg3 19. hxg3 Ne4 20. c4 Qb6 21. Qxb6 axb6 22. Nxe6 fxe6 23. cxd5 exd5 24. Bg4 Rc6 25. Rxc6 bxc6 26. Bd7 Rxa3 27. Bxc6 Nc3 28. f4 gxf4 29. gxf4 b5 30. f5 Kf7 31. Rf3 b4 0-1